| 000 | 01770nam a2200361 a 4500 | ||
|---|---|---|---|
| 001 | 991044396329706706 | ||
| 003 | ES-BaIT | ||
| 005 | 20260407121031.0 | ||
| 008 | 000831s1920 spc|||||| 000 ||cat | ||
| 035 | _a(ES-BaCBU).b52995045 | ||
| 040 |
_aES-BaBC _bcat _cES-BaBC |
||
| 080 | _a849.9-2"18" | ||
| 080 | _a849.9-1"18" | ||
| 100 | 1 |
_aCamprodón, Francisco, _d1816-1870. _966650 |
|
| 240 | 1 |
_aSeleccions _984575 |
|
| 245 | 1 | 0 |
_aObres catalanes : _bpoesíes y comedies / _cFrancisco Camprodon |
| 246 | 3 | _aObres catalanes de F. Camprodon | |
| 260 |
_aBarcelona : _bIlustració Catalana, _c[1920] |
||
| 300 |
_a282 p. ; _c18 cm |
||
| 500 | _aTítol a la portadella: Obres catalanes de F. Camprodon | ||
| 500 | _aData de publicació obtinguda de Palau | ||
| 505 | 8 | _aConté: Poesies ; La Teta gallinayre : quadro de costums catalanes en un acte y en vers [P6: D1, H5] ; La tornada del Titó : peça en un acte, original, en vers [P5: D2, H3] ; Marina : sarsuela en dos actes, en vers castellà, ab música d'Emili Arrieta, versada lliurement al català per Joseph M. Camprodon | |
| 593 |
_b12286-N. _cExemplar intons. _fCompra Llibreria Millà. Topogràfic: C. Millà C 30-1139 _hLlibreria Millà |
||
| 593 |
_b23977. _cRelligat en mitja pell, en vermell, sense les cobertes originals i guillotinat. Títol al llom "Obres catalanes. 23977 23979. A. S." _hArtur Sedó |
||
| 650 | 7 |
_aSarsueles _vLlibrets _967723 _2lemac |
|
| 700 | 2 |
_aCamprodón, Francisco, _d1816-1870. _tTeta gallinaire _969359 |
|
| 700 | 1 | 2 |
_aCamprodón, Francisco, _d1816-1870. _tTornada del Titó _9169204 |
| 700 | 1 | 2 |
_aCamprodón, Francisco, _d1816-1870. _tMarina. _9169205 _lCatalà |
| 902 | _aPatrimoni | ||
| 908 |
_aBC _aUVic-UCC _aANC _aUPF _aCDMAE |
||
| 940 | _aBC | ||
| 942 |
_2udc _c1 |
||
| 999 |
_c137348 _d137348 |
||